000 00624nam a22002417a 4500
003 UA-OsUOA
001 54774
007 ta
008 20080715b un ||||| |||| 00| 0 ukr d
100 _aМережко А.
090 _a341.9(73)
_bМ52
942 _cBK
040 _aUA-OsUOA
_brus
_cUA-OsUOA
_dUA-OsUOA
245 _aКолизионное право США
300 _a136 с.
955 _a1
041 _arus
080 _a341.9(73)
020 _a966-96155-9-3
260 _aК.
_bЮстиниан
_c2003
650 7 _a347 Цивільне право. Судовий устрій
_2UDC
999 _c340854
_d340854